| 000 | 00715cam a22002414a 4500 | ||
|---|---|---|---|
| 003 | UPN | ||
| 005 | 20240925064126.0 | ||
| 008 | 010313s1988 mx r 000 0 spa d | ||
| 020 | _a9684197608 | ||
| 035 | _aUPN01000014176 | ||
| 040 |
_aUPN _bspa _cUPN |
||
| 049 | _aCG | ||
| 050 | 4 |
_aBF199 _bV9.38 |
|
| 100 | 1 |
_aVygotskii, L. S. _q(Lev Semenovich), _d1896-1934 _927895 |
|
| 245 | 1 | 3 |
_aEl desarrollo de los procesos psicológicos superiores / _bLev S. Vygotski ; tr. Silvia Furió. |
| 260 |
_aMéxico : _bGrijalbo, _cc1988. |
||
| 300 | _a226 p. | ||
| 490 | 0 |
_aEstudios y proyectos ; _v60 |
|
| 650 | 4 |
_aConducta (Psicología) _94460 |
|
| 650 | 4 |
_aNiño, Estudio del _9221 |
|
| 905 | _aLibro | ||
| 942 |
_2lcc _cLIBRO |
||
| 999 |
_c14176 _d14176 |
||